[Event "7. Malaga op"]
[Site "Campillos"]
[Date "2004.02.21"]
[Round "1.1"]
[White "Lopez Gonzalez, Daniel"]
[Black "Korneev, Oleg"]
[Result "0-1"]
[WhiteElo "2113"]
[BlackElo "2566"]
[PlyCount "76"]
[EventDate "2004.02.21"]
[Source "lmi"]
[SourceDate "2004.02.23"]

1. d4 d5 2. c4 e6 3. Nf3 Nf6 4. Nc3 c6 5. Bg5 dxc4 6. e4 b5 7. a4 Qb6 8. e5 Nd5
9. Be2 h6 10. Bd2 a6 11. O-O Bb7 12. Ne4 Nd7 13. b3 cxb3 14. Qxb3 Be7 15. Rac1
O-O 16. Bd3 c5 17. dxc5 Nxc5 18. Nxc5 Bxc5 19. a5 Qa7 20. Bb1 Rac8 21. Qd3 f5
22. exf6 Nxf6 23. Qe2 Bd5 24. Bc3 Qb7 25. Ba2 Ne4 26. Ba1 Bxf2+ 27. Kh1 Rxc1
28. Rxc1 Ba7 29. Bxd5 exd5 30. Nd4 Rf2 31. Qg4 Qf7 32. Qe6 Bxd4 33. Qxf7+ Kxf7
34. Bxd4 Rd2 35. Be5 b4 36. h3 b3 37. Rc7+ Ke6 38. Bxg7 d4 0-1

[Event "7. Malaga op"]
[Site "Campillos"]
[Date "2004.02.21"]
[Round "1.2"]
[White "Cheparinov, Ivan"]
[Black "Claros Egea, Cristian"]
[Result "1-0"]
[WhiteElo "2550"]
[BlackElo "2107"]
[PlyCount "75"]
[EventDate "2004.02.21"]
[Source "lmi"]
[SourceDate "2004.02.23"]

1. e4 c5 2. Nf3 d6 3. d4 cxd4 4. Nxd4 Nf6 5. Nc3 a6 6. Be3 e6 7. g4 Nc6 8. g5
Nd7 9. h4 Nxd4 10. Qxd4 b6 11. O-O-O Bb7 12. h5 e5 13. Qd2 Nc5 14. Bxc5 bxc5
15. Bc4 Be7 16. Rhg1 g6 17. f4 Qc7 18. f5 Rb8 19. Nd5 Bxd5 20. Qxd5 Bf8 21. h6
a5 22. f6 a4 23. Rg3 Bxh6 24. gxh6 O-O 25. Qxd6 Qb7 26. Qxe5 Rfe8 27. Qc3 Qxe4
28. Rgd3 Qf4+ 29. Kb1 a3 30. b3 Rf8 31. Bd5 Qc7 32. Re3 Rbd8 33. Qc4 Kh8 34. b4
Rb8 35. Rb3 Qe5 36. Qxc5 Rfc8 37. Qd4 Qe2 38. Be4 1-0

[Event "7. Malaga op"]
[Site "Campillos"]
[Date "2004.02.21"]
[Round "1.3"]
[White "Vinas Guerrero, Carlos Alberto"]
[Black "Suba, Mihai"]
[Result "0-1"]
[WhiteElo "2098"]
[BlackElo "2522"]
[PlyCount "102"]
[EventDate "2004.02.21"]
[Source "lmi"]
[SourceDate "2004.02.23"]

1. e4 c5 2. Nc3 e6 3. f4 d5 4. Bb5+ Bd7 5. Qe2 dxe4 6. Nxe4 Be7 7. Nf3 Nh6 8.
b3 Bxb5 9. Qxb5+ Qd7 10. Qxd7+ Nxd7 11. Bb2 O-O 12. d3 Nb6 13. g3 Nd5 14. O-O
Rfd8 15. Rfe1 Rac8 16. Re2 Nf5 17. Kf2 Nb4 18. a3 Nc6 19. h3 a6 20. g4 Nfd4 21.
Nxd4 cxd4 22. Kf3 Rd5 23. Ng3 g6 24. Rae1 Kf8 25. Re4 Nd8 26. R1e2 Rdc5 27.
Bxd4 Rxc2 28. Bb2 R2c7 29. Rc4 Nc6 30. b4 e5 31. Rce4 Nd8 32. Bxe5 f5 33. R4e3
Rd7 34. gxf5 gxf5 35. Bg7+ Kf7 36. Bb2 Rc6 37. Rd2 Ne6 38. d4 Nc7 39. Rc3 Rxc3+
40. Bxc3 Nd5 41. Bb2 Bd6 42. Ne2 Re7 43. Rd3 Rxe2 44. Kxe2 Nxf4+ 45. Ke3 Nxd3
46. Kxd3 Ke6 47. Bc1 Kd5 48. Bg5 Bh2 49. Bh6 Bg1 50. Bg7 f4 51. Bf6 f3 0-1

[Event "7. Malaga op"]
[Site "Campillos"]
[Date "2004.02.21"]
[Round "1.4"]
[White "Paunovic, Dragan"]
[Black "Bolle, Leendert"]
[Result "1-0"]
[WhiteElo "2517"]
[BlackElo "2042"]
[PlyCount "81"]
[EventDate "2004.02.21"]
[Source "lmi"]
[SourceDate "2004.02.23"]

1. d4 f5 2. Nc3 Nf6 3. Bg5 e6 4. g4 Be7 5. gxf5 exf5 6. Qd3 d5 7. O-O-O c6 8.
Bxf6 Bxf6 9. f4 Be6 10. Nf3 Qd6 11. Ne5 Nd7 12. h4 O-O-O 13. h5 Rhg8 14. Rg1
Rdf8 15. Bh3 Bd8 16. e3 Qe7 17. Ne2 Qe8 18. Ng3 g6 19. hxg6 hxg6 20. Qa3 Bb6
21. Ne2 Nf6 22. Nxg6 Rf7 23. Ne5 Rfg7 24. Rg5 Ne4 25. Rxg7 Rxg7 26. Bf1 c5 27.
Nc3 cxd4 28. Na4 Bd8 29. exd4 Be7 30. Nc5 Bxc5 31. dxc5 Kb8 32. c6 bxc6 33.
Nxc6+ Ka8 34. Bb5 Qg8 35. Ne7 Qd8 36. Bc6+ Kb8 37. Nxd5 Bxd5 38. Bxd5 Rd7 39.
Qb4+ Qb6 40. Qxb6+ axb6 41. Bxe4 1-0

[Event "7. Malaga op"]
[Site "Campillos"]
[Date "2004.02.21"]
[Round "1.7"]
[White "Dominguez Garcia, Francisco"]
[Black "Del Rio Angelis, Salvador G"]
[Result "0-1"]
[WhiteElo "2020"]
[BlackElo "2504"]
[PlyCount "36"]
[EventDate "2004.02.21"]
[Source "lmi"]
[SourceDate "2004.02.23"]

1. e4 e6 2. Nc3 c5 3. f4 a6 4. Nf3 d5 5. Qe2 Be7 6. g3 Nc6 7. Bg2 Nf6 8. e5 Nd7
9. O-O b5 10. f5 Qc7 11. fxe6 fxe6 12. Re1 O-O 13. d3 Nb6 14. Nd1 Bd7 15. c3
Rf7 16. Bd2 Raf8 17. d4 cxd4 18. cxd4 Rxf3 0-1

[Event "7. Malaga op"]
[Site "Campillos"]
[Date "2004.02.21"]
[Round "1.8"]
[White "Matamoros Franco, Carlos"]
[Black "Guadamuro Torrente, Ana Isabel"]
[Result "1-0"]
[WhiteElo "2490"]
[BlackElo "2006"]
[PlyCount "52"]
[EventDate "2004.02.21"]
[Source "lmi"]
[SourceDate "2004.02.23"]

1. d4 d5 2. c4 e6 3. Nc3 Nf6 4. Nf3 Nbd7 5. cxd5 exd5 6. Bg5 Be7 7. e3 b6 8.
Bb5 Bb7 9. Ne5 O-O 10. Bc6 Bxc6 11. Nxc6 Qe8 12. Qf3 Kh8 13. Nxe7 Qxe7 14. Nxd5
Qd6 15. Bxf6 Nxf6 16. Nxf6 gxf6 17. O-O Rg8 18. Rac1 c5 19. Rfd1 Qe7 20. dxc5
bxc5 21. g3 Rac8 22. Rc4 Rg5 23. Re4 Re5 24. Rd7 Qe6 25. Rxe5 Qxe5 26. Rxf7
Qxb2 1-0

[Event "7. Malaga op"]
[Site "Campillos"]
[Date "2004.02.21"]
[Round "1.9"]
[White "Gavilan Diaz, Mario"]
[Black "Cramling, Pia"]
[Result "0-1"]
[WhiteElo "1999"]
[BlackElo "2488"]
[PlyCount "54"]
[EventDate "2004.02.21"]
[Source "lmi"]
[SourceDate "2004.02.23"]

1. e4 c5 2. Nf3 e6 3. d4 cxd4 4. Nxd4 a6 5. Nc3 Qc7 6. Bd3 Bc5 7. Nb3 Be7 8. a4
b6 9. Be3 Bb7 10. O-O d6 11. f4 Nf6 12. Qe1 Nbd7 13. Qg3 h5 14. Rae1 g6 15. e5
dxe5 16. fxe5 Ng4 17. Bd4 Nc5 18. Be2 O-O-O 19. Rxf7 Nxb3 20. Rxe7 Qxe7 21.
Bxb6 Qb4 22. Nb5 axb5 23. cxb3 Kb8 24. Rc1 Rc8 25. Ra1 bxa4 26. Ba7+ Kxa7 27.
Rxa4+ Qxa4 0-1

[Event "7. Malaga op"]
[Site "Campillos"]
[Date "2004.02.21"]
[Round "1.10"]
[White "Khamrakulov, Ibragim S"]
[Black "Escofet Llongueras, Joan"]
[Result "1-0"]
[WhiteElo "2452"]
[BlackElo "1983"]
[PlyCount "53"]
[EventDate "2004.02.21"]
[Source "lmi"]
[SourceDate "2004.02.23"]

1. e4 e6 2. d4 d5 3. Nd2 Nf6 4. e5 Nfd7 5. Bd3 c5 6. c3 Nc6 7. Ne2 Qb6 8. Nf3
cxd4 9. cxd4 Bb4+ 10. Bd2 Bxd2+ 11. Qxd2 Qb4 12. a3 Qxd2+ 13. Kxd2 Nb6 14. b4
Bd7 15. Nc1 a6 16. Nb3 Nc4+ 17. Kc3 b5 18. Nc5 Ke7 19. h4 h6 20. h5 a5 21. Bxc4
axb4+ 22. axb4 bxc4 23. b5 Na5 24. Rhb1 Rhb8 25. b6 Bc6 26. Nd2 Nb7 27. Ra7 1-0

[Event "7. Malaga op"]
[Site "Campillos"]
[Date "2004.02.22"]
[Round "2.1"]
[White "Korneev, Oleg"]
[Black "Rodriguez Guerrero, Enrique"]
[Result "1/2-1/2"]
[WhiteElo "2566"]
[BlackElo "2391"]
[PlyCount "43"]
[EventDate "2004.02.21"]
[Source "lmi"]
[SourceDate "2004.02.23"]

1. e4 e6 2. d4 d5 3. Nc3 Bb4 4. e5 Ne7 5. a3 Bxc3+ 6. bxc3 c5 7. Qg4 O-O 8. Bd3
Nbc6 9. Qh5 Ng6 10. Nf3 Qc7 11. Be3 Nce7 12. h4 Bd7 13. O-O c4 14. Be2 f5 15.
exf6 gxf6 16. a4 Nf5 17. Bc1 Kh8 18. Qg4 Rg8 19. Qh3 Nf4 20. Bxf4 Qxf4 21. Qh2
Qh6 22. Rfb1 1/2-1/2

[Event "7. Malaga op"]
[Site "Campillos"]
[Date "2004.02.22"]
[Round "2.2"]
[White "Ivanov, Jordan"]
[Black "Cheparinov, Ivan"]
[Result "0-1"]
[WhiteElo "2406"]
[BlackElo "2550"]
[PlyCount "64"]
[EventDate "2004.02.21"]
[Source "lmi"]
[SourceDate "2004.02.23"]

1. d4 Nf6 2. c4 e6 3. Nc3 Bb4 4. Qc2 d5 5. cxd5 Qxd5 6. Nf3 Qf5 7. Qxf5 exf5 8.
Bd2 c6 9. a3 Bd6 10. e3 Nbd7 11. Bd3 Nb6 12. O-O Be6 13. Rfc1 h6 14. Be1 a5 15.
Nd2 O-O 16. e4 fxe4 17. Ndxe4 Nxe4 18. Nxe4 Bf4 19. Rc2 Rfd8 20. Bc3 Na4 21.
Re2 c5 22. Bb5 Nxc3 23. bxc3 cxd4 24. cxd4 Rxd4 25. Nc5 Bd5 26. g3 Bd6 27. Rc2
Rc8 28. Rac1 Rxc5 29. Rxc5 Bxc5 30. Rxc5 Rd1+ 31. Bf1 b5 32. f4 Bc4 0-1

[Event "7. Malaga op"]
[Site "Campillos"]
[Date "2004.02.22"]
[Round "2.3"]
[White "Suba, Mihai"]
[Black "Alonso, Rene"]
[Result "1/2-1/2"]
[WhiteElo "2522"]
[BlackElo "2371"]
[PlyCount "50"]
[EventDate "2004.02.21"]
[Source "lmi"]
[SourceDate "2004.02.23"]

1. c4 e6 2. Nf3 Nf6 3. g3 d5 4. Bg2 dxc4 5. Qa4+ c6 6. Qxc4 b5 7. Qb3 Bb7 8.
O-O Nbd7 9. d3 Be7 10. Bg5 O-O 11. Nc3 a6 12. a4 b4 13. Nd1 Nd5 14. Bxe7 Qxe7
15. a5 Rfd8 16. Rc1 c5 17. e4 Nc7 18. d4 Bxe4 19. dxc5 Rab8 20. c6 Nc5 21. Qe3
Bd3 22. Re1 Nb3 23. Ne5 Nxc1 24. Qxc1 Bb5 25. Ne3 Ne8 1/2-1/2

[Event "7. Malaga op"]
[Site "Campillos"]
[Date "2004.02.22"]
[Round "2.4"]
[White "Teran Alvarez, Ismael"]
[Black "Paunovic, Dragan"]
[Result "1/2-1/2"]
[WhiteElo "2382"]
[BlackElo "2517"]
[PlyCount "128"]
[EventDate "2004.02.21"]
[Source "lmi"]
[SourceDate "2004.02.23"]

1. e4 c5 2. Nf3 e6 3. d4 cxd4 4. Nxd4 a6 5. Bd3 Nf6 6. O-O d6 7. c4 b6 8. Nc3
Bb7 9. a4 Nbd7 10. a5 bxa5 11. Nb3 Rb8 12. Nxa5 Ba8 13. Qa4 Qc7 14. b4 Be7 15.
Bf4 O-O 16. Rab1 Nh5 17. Bd2 Ne5 18. Be2 Nf6 19. f3 d5 20. cxd5 exd5 21. exd5
Rfd8 22. Kh1 Nxd5 23. Rfc1 Qb6 24. Nxd5 Bxd5 25. Bf4 Qf6 26. Bg3 h5 27. Qa1 Bd6
28. Rd1 h4 29. Rxd5 hxg3 30. Qd4 Bc7 31. Rxd8+ Rxd8 32. Qe4 Qh6 33. h3 Qd2 34.
Nb3 Qa2 35. Nc1 Qd2 36. Nb3 Qc3 37. Bf1 Bb6 38. Qe1 Qxe1 39. Rxe1 Nd3 40. Bxd3
Rxd3 41. Rb1 g5 42. Na1 Rc3 43. Nb3 Be3 44. Nc5 Bxc5 45. bxc5 Rxc5 46. Kg1 a5
47. Kf1 a4 48. Ra1 Rc4 49. Ke2 Rc2+ 50. Kf1 Rf2+ 51. Kg1 Rb2 52. Kf1 Rb4 53.
Ke2 Kg7 54. Ra2 Kf6 55. Kd3 Rb1 56. Rxa4 Rb2 57. h4 Rxg2 58. hxg5+ Kxg5 59.
Rg4+ Kf5 60. Ke3 Rg1 61. Rg7 Re1+ 62. Kd4 Re7 63. Rxg3 f6 64. Rh3 Re8 1/2-1/2

[Event "7. Malaga op"]
[Site "Campillos"]
[Date "2004.02.22"]
[Round "2.5"]
[White "Gonzalez Rodriguez, Jorge Armando"]
[Black "Cifuentes Parada, Roberto"]
[Result "0-1"]
[WhiteElo "2349"]
[BlackElo "2505"]
[PlyCount "90"]
[EventDate "2004.02.21"]
[Source "lmi"]
[SourceDate "2004.02.23"]

1. b3 d5 2. e3 Nf6 3. Bb2 e6 4. Nf3 Be7 5. d4 O-O 6. Bd3 b6 7. Nbd2 Bb7 8. c4
Nbd7 9. O-O Ne4 10. Rc1 f5 11. Qe2 a6 12. Rfd1 Bd6 13. Ne5 Qe7 14. f3 Nxd2 15.
Rxd2 Nxe5 16. dxe5 Bc5 17. cxd5 Bxd5 18. Rdc2 a5 19. Bd4 Bxd4 20. exd4 Ra7 21.
Bc4 Rd8 22. Qe3 h6 23. a4 Bxc4 24. Rxc4 Qd7 25. h3 Kf8 26. Kh2 Kg8 27. f4 Qe7
28. Rc6 Rd7 29. Qc3 g5 30. Qc4 Rd5 31. g4 fxg4 32. f5 Qb4 33. Rxe6 Qd2+ 34. Kh1
g3 35. Re8+ Kh7 36. Qc2 g2+ 37. Kh2 g1=Q+ 38. Kxg1 Qxd4+ 39. Kg2 Rc5 40. Qe2
Rxc1 41. Re7+ Kg8 42. Re8+ Kg7 43. f6+ Kg6 44. Rg8+ Kh7 45. e6 Ra1 0-1

[Event "7. Malaga op"]
[Site "Campillos"]
[Date "2004.02.22"]
[Round "2.6"]
[White "Del Rio Angelis, Salvador G"]
[Black "Collas, Silvia"]
[Result "1-0"]
[WhiteElo "2504"]
[BlackElo "2330"]
[PlyCount "73"]
[EventDate "2004.02.21"]
[Source "lmi"]
[SourceDate "2004.02.23"]

1. Nf3 Nf6 2. c4 b6 3. g3 Bb7 4. Bg2 c5 5. Nc3 g6 6. O-O Bg7 7. d4 cxd4 8. Qxd4
O-O 9. Qh4 d6 10. Bh6 Nbd7 11. Bxg7 Kxg7 12. Rfd1 Rc8 13. b3 a6 14. Rac1 Rc5
15. Qd4 b5 16. Ne1 Bxg2 17. Nxg2 bxc4 18. Na4 Rd5 19. Qxc4 Rxd1+ 20. Rxd1 Qa5
21. Ne3 Rb8 22. Rc1 Rb5 23. Qc3 d5 24. Qxa5 Rxa5 25. Rc7 h5 26. Nc2 e6 27. Nb4
g5 28. Rc6 Nb8 29. Rc8 Rb5 30. Nd3 Nfd7 31. f4 gxf4 32. gxf4 Nf6 33. Nac5 Rb6
34. Rc7 Ne8 35. Re7 Nd6 36. Nxe6+ Kf6 37. Nc7 1-0

[Event "7. Malaga op"]
[Site "Campillos"]
[Date "2004.02.22"]
[Round "2.7"]
[White "Parfjonov, Pavel"]
[Black "Matamoros Franco, Carlos"]
[Result "0-1"]
[WhiteElo "2250"]
[BlackElo "2490"]
[PlyCount "52"]
[EventDate "2004.02.21"]
[Source "lmi"]
[SourceDate "2004.02.23"]

1. Nf3 Nf6 2. d4 g6 3. g3 Bg7 4. Bg2 O-O 5. O-O d6 6. c4 Nbd7 7. Nc3 e5 8. Qc2
Re8 9. Rd1 e4 10. Ng5 e3 11. fxe3 Ng4 12. e4 c5 13. Nf3 cxd4 14. Nxd4 Nc5 15.
h3 Ne5 16. b3 h5 17. Be3 h4 18. g4 Bxg4 19. hxg4 Nxg4 20. Qd2 h3 21. Bxh3 Qh4
22. Kg2 Be5 23. Bxg4 Qxg4+ 24. Kf1 Qh3+ 25. Kg1 Bh2+ 26. Kf2 Bg3+ 0-1

[Event "7. Malaga op"]
[Site "Campillos"]
[Date "2004.02.22"]
[Round "2.8"]
[White "Cramling, Pia"]
[Black "Yeo, Michael J"]
[Result "0-1"]
[WhiteElo "2488"]
[BlackElo "2244"]
[PlyCount "100"]
[EventDate "2004.02.21"]
[Source "lmi"]
[SourceDate "2004.02.23"]

1. d4 d5 2. Nf3 Nc6 3. Bf4 Bg4 4. e3 e6 5. c4 Bb4+ 6. Nc3 Nf6 7. Rc1 O-O 8. Bg5
h6 9. Bxf6 Qxf6 10. cxd5 exd5 11. Be2 Qe6 12. O-O Rfd8 13. Qb3 Bf8 14. Na4 Na5
15. Qc3 b6 16. Rfe1 c6 17. Ne5 Bxe2 18. Rxe2 Rac8 19. Rec2 Bd6 20. Nd3 Qe7 21.
Qe1 Bb8 22. b3 Rd6 23. Nc3 Rcd8 24. Ne2 Re6 25. Qd2 g5 26. Nb4 Qd7 27. Ng3 Rg6
28. Rc3 h5 29. Qc2 h4 30. Nf1 Rf8 31. Nd3 h3 32. g3 Rf6 33. Qe2 Qf5 34. Nd2 Kg7
35. b4 Nb7 36. b5 Na5 37. Nb4 Qd7 38. bxc6 Nxc6 39. Nf3 Nxb4 40. Rc8 Nc6 41.
Rxb8 Nxb8 42. Nxg5 Qf5 43. f4 Nc6 44. Qc2 Ne7 45. Qxf5 Nxf5 46. Kf2 Nd6 47. Rc7
a5 48. g4 b5 49. Kf3 b4 50. Ra7 Nc4 0-1

[Event "7. Malaga op"]
[Site "Campillos"]
[Date "2004.02.22"]
[Round "2.9"]
[White "Adnoy, Hallvard V"]
[Black "Khamrakulov, Ibragim S"]
[Result "1/2-1/2"]
[WhiteElo "2211"]
[BlackElo "2452"]
[PlyCount "140"]
[EventDate "2004.02.21"]
[Source "lmi"]
[SourceDate "2004.02.23"]

1. e4 c5 2. Nf3 a6 3. g3 b5 4. Bg2 Bb7 5. Qe2 g6 6. O-O Bg7 7. c3 Nf6 8. e5 Nd5
9. d4 cxd4 10. Nxd4 Qc7 11. f4 Nb6 12. Bxb7 Qxb7 13. f5 e6 14. Bg5 Nc6 15. fxg6
hxg6 16. Nd2 Nxd4 17. cxd4 Qd5 18. Qf2 O-O 19. Be7 Bh6 20. Rad1 f5 21. Bxf8
Rxf8 22. Nf3 Nc4 23. Rfe1 f4 24. g4 Nxb2 25. Qxb2 Qxf3 26. Qe2 Qh3 27. Qg2 Qa3
28. Qe4 f3 29. Rf1 f2+ 30. Kg2 Qxa2 31. Qxg6+ Bg7 32. Qe4 b4 33. Ra1 Qd2 34.
Rxa6 Rf4 35. Qg6 Rf8 36. Rd6 Qe3 37. h3 Rf3 38. Qe8+ Bf8 39. Qg6+ Bg7 40. Qe8+
Rf8 41. Qg6 Qf3+ 42. Kh2 Qb7 43. d5 b3 44. dxe6 dxe6 45. Qxe6+ Kh8 46. Rb6 Qe4
47. Kg3 b2 48. Qg6 Bxe5+ 49. Kh4 Qxg6 50. Rxg6 Rc8 51. Rd1 Rc1 52. Rd8+ Kh7 53.
Kh5 Rc7 54. Rd1 Rb7 55. Rb1 Bf4 56. g5 Rg7 57. Rh6+ Kg8 58. Rf6 Rxg5+ 59. Kh4
Rg1 60. Rxf4 Rxb1 61. Rxf2 Kg7 62. Kh5 Kg8 63. Kh4 Kg7 64. Kh5 Kh7 65. Rg2 Ra1
66. Rxb2 Ra7 67. Rb5 Rc7 68. h4 Ra7 69. Kg5 Rc7 70. h5 Ra7 1/2-1/2

[Event "7. Malaga op"]
[Site "Campillos"]
[Date "2004.02.22"]
[Round "2.10"]
[White "Nava Baro, Enrique"]
[Black "Tissir, Mohamed"]
[Result "0-1"]
[WhiteElo "2207"]
[BlackElo "2436"]
[PlyCount "60"]
[EventDate "2004.02.21"]
[Source "lmi"]
[SourceDate "2004.02.23"]

1. d4 e6 2. e4 c5 3. Nf3 cxd4 4. Nxd4 a6 5. c4 Qc7 6. Bd3 Bc5 7. Nc2 Nc6 8. Be3
Ne5 9. b4 Bxe3 10. Nxe3 Qb6 11. Nc2 Qc7 12. c5 b6 13. cxb6 Qxb6 14. Be2 Nf6 15.
f3 d5 16. Nc3 dxe4 17. Nxe4 Nxe4 18. fxe4 Bb7 19. Qd4 Qc7 20. Na3 O-O 21. O-O
Rfd8 22. Qe3 Qc6 23. Rfe1 Qxe4 24. Qxe4 Bxe4 25. Bxa6 f5 26. b5 Rd2 27. Rxe4
fxe4 28. Rc1 Rxa2 29. b6 Rxa6 30. b7 Rb6 0-1

[Event "7. Malaga op"]
[Site "Campillos"]
[Date "2004.02.22"]
[Round "2.12"]
[White "Lopez Pereyra, Antonio"]
[Black "Bellon Lopez, Juan Manuel"]
[Result "0-1"]
[WhiteElo "2159"]
[BlackElo "2429"]
[PlyCount "72"]
[EventDate "2004.02.21"]
[Source "lmi"]
[SourceDate "2004.02.23"]

1. e4 c5 2. Nf3 g6 3. d4 Bg7 4. Nc3 Qa5 5. Be2 Nc6 6. Be3 cxd4 7. Nxd4 Nf6 8.
O-O O-O 9. Nb3 Qc7 10. f4 d6 11. Kh1 b6 12. Qd2 Bb7 13. Bd3 Rac8 14. Rae1 Nd7
15. Nd5 Qd8 16. f5 Nce5 17. Bg5 Bxd5 18. exd5 Nf6 19. fxg6 hxg6 20. Ba6 Rc7 21.
Bxf6 exf6 22. Nd4 f5 23. b3 Qh4 24. Qf4 Ng4 25. Nc6 Be5 26. Nxe5 dxe5 27. Rxe5
g5 28. Qxg4 Qxg4 29. Bd3 f6 30. Rexf5 Rh7 31. R5f3 Rh6 32. Bf5 Qd4 33. Re1 Kg7
34. Re7+ Rf7 35. Rxf7+ Kxf7 36. Be6+ Ke7 0-1

[Event "7. Malaga op"]
[Site "Campillos"]
[Date "2004.02.22"]
[Round "2.13"]
[White "Fernandez Romero, Ernesto"]
[Black "Cabello Fernandez, Enrique"]
[Result "1-0"]
[WhiteElo "2425"]
[BlackElo "2134"]
[PlyCount "49"]
[EventDate "2004.02.21"]
[Source "lmi"]
[SourceDate "2004.02.23"]

1. e4 c5 2. Nf3 d6 3. d4 cxd4 4. Nxd4 Nf6 5. Nc3 a6 6. Bg5 e6 7. f4 Be7 8. Qf3
Qc7 9. O-O-O Nbd7 10. g4 b5 11. Bxf6 Nxf6 12. g5 Nd7 13. f5 Bxg5+ 14. Kb1 Ne5
15. Qh5 Qd8 16. h4 Bf6 17. fxe6 O-O 18. Bh3 g6 19. Qe2 fxe6 20. Bxe6+ Kh8 21.
h5 gxh5 22. Qxh5 Qc7 23. Nd5 Qa7 24. Nxf6 Rxf6 25. Qe8+ 1-0

[Event "7. Malaga op"]
[Site "Campillos"]
[Date "2004.02.22"]
[Round "2.14"]
[White "Cardoso Garcia, Sergio"]
[Black "Saldano, Horacio"]
[Result "0-1"]
[WhiteElo "2125"]
[BlackElo "2424"]
[PlyCount "106"]
[EventDate "2004.02.21"]
[Source "lmi"]
[SourceDate "2004.02.23"]

1. c4 g6 2. Nc3 Bg7 3. g3 e5 4. e4 d6 5. Bg2 Nc6 6. Nge2 h5 7. h4 Bg4 8. f3 Be6
9. d3 Bh6 10. Bxh6 Nxh6 11. Qd2 Ng8 12. O-O-O Qd7 13. Nd5 Nce7 14. d4 c6 15.
Nxe7 Qxe7 16. Qc3 Nf6 17. Bh3 Bxh3 18. Rxh3 O-O-O 19. Rhh1 Kb8 20. dxe5 dxe5
21. Rxd8+ Rxd8 22. Rd1 Rxd1+ 23. Kxd1 Nd7 24. Kc2 Qc5 25. b4 Qf2 26. Kd2 f6 27.
Qd3 Kc8 28. c5 a5 29. a3 axb4 30. axb4 g5 31. Qe3 Qf1 32. hxg5 fxg5 33. Qxg5
Qxf3 34. Qe3 Qf7 35. Qc3 Qe6 36. Nc1 Nf6 37. Qf3 Kd7 38. Nd3 Ke7 39. Kc3 Qa2
40. Qf5 Qa1+ 41. Kb3 Qd4 42. Nxe5 Qe3+ 43. Ka4 Qxg3 44. Ng6+ Kf7 45. Nf4 Qg4
46. Ka5 Qxf5 47. exf5 h4 48. b5 Nd7 49. Ne6 Kf6 50. bxc6 bxc6 51. Nd4 h3 52.
Nf3 Kxf5 53. Kb4 Kf4 0-1

[Event "7. Malaga op"]
[Site "Campillos"]
[Date "2004.02.22"]
[Round "2.15"]
[White "Gamundi Salamanca, Antonio"]
[Black "Gutierrez Castillo, Paloma"]
[Result "1-0"]
[WhiteElo "2448"]
[BlackElo "2114"]
[PlyCount "84"]
[EventDate "2004.02.21"]
[Source "lmi"]
[SourceDate "2004.02.23"]

1. d4 d5 2. c4 e6 3. Nc3 Be7 4. Nf3 Nf6 5. Bg5 O-O 6. e3 h6 7. Bh4 Ne4 8. Bxe7
Qxe7 9. Qc2 Nxc3 10. Qxc3 dxc4 11. Bxc4 Nd7 12. O-O b6 13. Bb5 c5 14. Rfd1 Rd8
15. dxc5 Nxc5 16. Rxd8+ Qxd8 17. b4 Ba6 18. Bxa6 Nxa6 19. Rc1 Qd6 20. a3 Rd8
21. h3 Qd5 22. Nd4 Kf8 23. Qc6 Qxc6 24. Rxc6 Ke7 25. Nb5 Ra8 26. Kf1 Kd7 27.
Rc3 Ke7 28. Ke2 Kf6 29. e4 Ke5 30. Ke3 Kf6 31. f4 g5 32. g3 h5 33. e5+ Kg6 34.
Nd6 Rd8 35. fxg5 Rd7 36. h4 Nc7 37. Ke4 Nd5 38. Rc8 Ne7 39. Rh8 Kg7 40. Rxh5
Ng8 41. Ne8+ Kg6 42. Rh8 Ne7 1-0

[Event "7. Malaga op"]
[Site "Campillos"]
[Date "2004.02.22"]
[Round "3.1"]
[White "Cheparinov, Ivan"]
[Black "Collas, Didier"]
[Result "1/2-1/2"]
[WhiteElo "2550"]
[BlackElo "2436"]
[PlyCount "141"]
[EventDate "2004.02.21"]
[Source "lmi"]
[SourceDate "2004.02.23"]

1. e4 c5 2. Nf3 d6 3. d4 Nf6 4. Nc3 cxd4 5. Nxd4 a6 6. Be3 e6 7. g4 b5 8. g5
Nfd7 9. a3 Bb7 10. h4 Nc6 11. Rg1 Na5 12. h5 Ne5 13. g6 hxg6 14. hxg6 Qf6 15.
gxf7+ Qxf7 16. b3 Nac6 17. Be2 Nxd4 18. Qxd4 Nf3+ 19. Bxf3 Qxf3 20. Kd2 Qf6 21.
Rh1 Rxh1 22. Rxh1 Qxd4+ 23. Bxd4 Kf7 24. Rg1 Rd8 25. Rg5 Rd7 26. Ke2 g6 27. Rg3
Bg7 28. Rf3+ Kg8 29. Rd3 Bxd4 30. Rxd4 Bc6 31. e5 dxe5 32. Rxd7 Bxd7 33. Ne4
Bc6 34. Nc5 a5 35. Nxe6 Bd5 36. Nc7 Bc6 37. Kd3 Kf7 38. c4 bxc4+ 39. Kxc4 Kf6
40. Kc5 Be4 41. Ne8+ Kg5 42. Nd6 Ba8 43. Nc4 Kf4 44. Nxa5 Kf3 45. Nc4 e4 46.
Ne5+ Kxf2 47. Nxg6 e3 48. Kd4 Ke2 49. b4 Kd2 50. Nf4 Kc2 51. Kc4 Kb2 52. a4 Ka3
53. a5 Bf3 54. b5 e2 55. Nd3 Be4 56. Ne1 Ka4 57. a6 Ka5 58. Kc5 Bh1 59. a7 Be4
60. Nd3 Bh1 61. Ne1 Be4 62. Nc2 Bh1 63. b6 Ka6 64. Nb4+ Kb7 65. Nd3 Be4 66. Ne1
Bh1 67. Kb5 Bc6+ 68. Ka5 Be4 69. Kb5 Bc6+ 70. Kc5 Be4 71. Kd4 1/2-1/2

[Event "7. Malaga op"]
[Site "Campillos"]
[Date "2004.02.22"]
[Round "3.2"]
[White "Cifuentes Parada, Roberto"]
[Black "Bellon Lopez, Juan Manuel"]
[Result "1-0"]
[WhiteElo "2505"]
[BlackElo "2429"]
[PlyCount "83"]
[EventDate "2004.02.21"]
[Source "lmi"]
[SourceDate "2004.02.23"]

1. d4 d5 2. c4 c6 3. e3 e6 4. Nf3 f5 5. Bd3 Nf6 6. O-O Be7 7. b3 O-O 8. Ba3
Bxa3 9. Nxa3 Ne4 10. Ne5 Nd7 11. Nxd7 Bxd7 12. f3 Ng5 13. Qd2 a5 14. Nb1 b5 15.
Nc3 Qb6 16. c5 Qc7 17. a3 Rae8 18. Rae1 e5 19. dxe5 Ne6 20. f4 Nxc5 21. b4 axb4
22. axb4 Ne4 23. Bxe4 dxe4 24. Qd4 Be6 25. Ra1 Rf7 26. Qc5 Qe7 27. Qxe7 Rfxe7
28. Rfd1 Bc4 29. Kf2 Rc8 30. g4 g6 31. gxf5 gxf5 32. Rg1+ Kh8 33. Ne2 Bxe2 34.
Kxe2 Rd7 35. Rgd1 Rf7 36. Rg1 Rd7 37. Rad1 Ra7 38. Rd2 Ra4 39. Rg5 Rg8 40. e6
Rga8 41. Rd6 Re8 42. Rxc6 1-0

[Event "7. Malaga op"]
[Site "Campillos"]
[Date "2004.02.22"]
[Round "3.3"]
[White "Saldano, Horacio"]
[Black "Del Rio Angelis, Salvador G"]
[Result "1/2-1/2"]
[WhiteElo "2424"]
[BlackElo "2504"]
[PlyCount "96"]
[EventDate "2004.02.21"]
[Source "lmi"]
[SourceDate "2004.02.23"]

1. e4 e6 2. d4 d5 3. e5 c5 4. c3 Nc6 5. Nf3 Qb6 6. a3 Nh6 7. b4 cxd4 8. cxd4
Nf5 9. Be3 f6 10. Bd3 Nxe3 11. fxe3 fxe5 12. b5 Nxd4 13. exd4 e4 14. Bxe4 dxe4
15. Ne5 Qa5+ 16. Nd2 Qc3 17. O-O Qxd4+ 18. Kh1 Qxe5 19. Nc4 Qd5 20. Qe2 Bc5 21.
Rad1 Bd4 22. Rf4 e5 23. Rxe4 O-O 24. Nxe5 Be6 25. Rexd4 Qa2 26. Qxa2 Bxa2 27.
Kg1 Rac8 28. Rd7 Rc5 29. Re7 Rxb5 30. h3 Rb1 31. Rxb1 Bxb1 32. Rxb7 Be4 33.
Rxa7 Rc8 34. Ra4 Bd5 35. Rd4 Rc5 36. Nd3 Ra5 37. Nb4 Ba8 38. Rd3 Kf7 39. g4 Kf6
40. Kf2 Be4 41. Re3 Bb7 42. Rc3 g5 43. Nd3 h6 44. Ke3 Bg2 45. Nf2 Ke5 46. Nd3+
Kf6 47. Nf2 Ke5 48. Nd3+ Kf6 1/2-1/2

[Event "7. Malaga op"]
[Site "Campillos"]
[Date "2004.02.22"]
[Round "3.4"]
[White "Matamoros Franco, Carlos"]
[Black "Fernandez Romero, Ernesto"]
[Result "1/2-1/2"]
[WhiteElo "2490"]
[BlackElo "2425"]
[PlyCount "20"]
[EventDate "2004.02.21"]
[Source "lmi"]
[SourceDate "2004.02.23"]

1. c4 e5 2. g3 Nf6 3. Bg2 c6 4. d4 Bb4+ 5. Bd2 Bxd2+ 6. Qxd2 d6 7. Nc3 O-O 8.
e3 Be6 9. b3 exd4 10. exd4 d5 1/2-1/2